Представление документа в формате RUSMARC

ПолеНазваниеЗначение
  Тип записи a
  Библиографический уровень m
001 Контрольный номер RU/CBS_UL/BASE/680103404
005 Дата корректировки 20240209175011.3
010 Индекс ISBN __
a ISBN 978-5-298-02644-4
d Цена 11 р. 20 к.
9 Тираж 1 000 экз.
100 Данные общей обработки __
a Данные общей обработки 20210720d2021 ||| 0rusy0189 ca
101 Язык документа 0_
a Язык текста rus
102 Страна публикации __
a Страна публикации RU
105 Кодированные данные (монография) __
a Кодированные данные (монография) y###||||000|y
181 Поле кодированных данных: вид содержания _1
a Код вида содержания (ISBD) i#
b Код характеристики содержания (ISBD) #xxe##
d i
g x
h x
i e
2 Код системы (источник кода, отличный от ISBD) isbdcontent
182 Поле кодированных данных: тип средства _1
a Код типа средства (ISBD) n
2 Код системы (источник кода, отличный от ISBD) isbdmedia
200 Заглавие и сведения об ответственности 1_
a Заглавие Правовой режим земель сельскохозяйственного назначения в Российской Федерации
b Общее обозначение материала Текст
e Сведения, относящиеся к заглавию монография
f Первые сведения об ответственности Т. И. Шайхеев
w Текст (визуальный) : непосредственный
203 Вид содержания и тип средства __
a Вид содержания Текст
b Характеристика содержания визуальный
c Тип средства непосредственный
210 Выходные данные 1_
a Место издания Казань
c Издательство Татарское книжное издательство
d Дата издания 2014
215 Физическое описание __
a Объем 78, [2] с.
d Формат 20 см.
333 Примечание о целевом назначении __
a Примечание о целевом назначении 16+
606 Тематические рубрики 0_
a Основная рубрика Земельное право - Сельскохозяйственные земли
610 Ключевые слова 0_
a Ключевые слова право
a Ключевые слова право земельное
a Ключевые слова земли сельскохозяйственные
a Ключевые слова реформы земельные
a Ключевые слова сделки с землей
a Ключевые слова кадастры земельные
686 Индексы других классификаций __
a Классификационный индекс 67.407
2 Код системы rubbk
700 Автор _1
a Фамилия Шайхеев
b Имя (инициалы) Тимур Ильгизярович
g Полное личное имя Т. И.
801 Источник записи _0
a Страна RU
b Организация МБУК ЦБС
c Дата составления 20210720
g Правила каталогизации RCR
801 Источник записи _1
a Страна RU
b Организация МБУК ЦБС г. Ульяновска
c Дата составления 20210720
g Правила каталогизации RCR
899 Данные о местонахождении __
i Авторский знак Ш 17
j Расстановочный фильтр 67.407
901 Тип документа __
t Тип документа m
910 Корректоры записи __
a Корректор записи Тургенева